000 00515nam a2200193Ia 4500
005 20250326123735.0
008 250326s9999 xx 000 0 und d
037 _aTextbook
040 _aFMSL
_beng
_cFMSL
041 _aeng
_2eng
084 _aX:74 N6
_qFMSL
100 _aCoyle J J
_9735960
245 0 _aManagement of business logistics
_cCoyle J J; Bardi E J And Others
250 _a6
260 _aNY
_bNY, West
_c1996
300 _a631p
942 _cTB
_hX:74 N6
999 _c1270750
_d1270750